000 00810nam a2200265Ia 4500
003 OSt
005 20221005092957.0
006 a|||||r|||| 00| 0
007 ta
008 221004b |||||||| |||| 00| 0 eng d
020 _a1593851138 (hbk)
_c2526.93
024 _a86497
037 _bVMB:58, 22/10/2007, Vardhman Books
_cTextual
040 _aCRL
_cCRL
_beng
041 _2eng
_aeng
082 _aSN1:86, P6
100 _aKendall Philip C. Ed.
_928615
245 0 _aChild and adolescent therapy
_b cognitive behavioral procedures
250 _a3rd
260 _aNew York
_bThe Guilford Press USA
_c2006
300 _axvi,528p.
_ccm.
650 _aPSYCHOLOGY
942 _hSN1:86, P6
_cTEXL
_2cc
999 _c999641
_d999641